• 首页
  • 本馆介绍
  • 公告通知
  • 最新文献
  • 馆藏检索
  • 电子资源
  • 读者导购
  • 参考咨询
  • 我的图书馆
  • 登录
  • 详细信息显示
  • 放入我的书架
  • 预约/预借图书
  • 作者相关作品
  • 分类相关作品
  • 丛书相关作品
  • 出版社相关作品

书目信息

  • 表格格式
  • 工作单格式
  • 卡片格式
题名:
别让孩子伤在坏习惯上
    
 
作者: 程红霞 编著
分册:  
出版信息: 北京   中国华侨出版社  2013.10
页数: 243页
开本: 24cm
丛书名:
单 册:
中图分类: B842.6 , G78
科图分类:
主题词: 习惯性--能力培养--儿童教育--家庭教育 , 习惯性 , 能力培养 , 儿童教育 , 家庭教育
电子资源:
ISBN: 978-7-5113-3874-7
000 00968nam0 2200301 450
001 012013129297
005 20160516093026.87
010    @a978-7-5113-3874-7@dCNY29.80
100    @a20131030d2013 em y0chiy0110 ea
101 0  @achi
102    @aCN@b110000
105    @ay z 000yy
106    @ar
200 1  @a别让孩子伤在坏习惯上@9bie rang hai zi shang zai huai xi guan shang@f程红霞编著
210    @a北京@c中国华侨出版社@d2013.10
215    @a243页@d24cm
330    @a本书分为认识到位 习惯对孩子一生成败有关键性的影响、走出误区 错误的方式不利于孩子良好习惯的养成、找对方法 合同式教育是培养孩子良好习惯的新途径上中下三篇内容。
333    @a家庭父母
606 0  @a习惯性@x能力培养@x儿童教育@x家庭教育
606 0  @a习惯性
606 0  @a能力培养
606 0  @a儿童教育
606 0  @a家庭教育
690    @aB842.6@v5
690    @aG78@v5
701  0 @a程红霞@9cheng hong xia@4编著
801  0 @aCN@b人天书店@c20131030
905    @b877720-25@dB842.6@e1315@f6
    
    别让孩子伤在坏习惯上/程红霞编著.-北京:中国华侨出版社,2013.10
    243页;24cm
    使用对象:家庭父母
    
    ISBN 978-7-5113-3874-7:CNY29.80
    本书分为认识到位 习惯对孩子一生成败有关键性的影响、走出误区 错误的方式不利于孩子良好习惯的养成、找对方法 合同式教育是培养孩子良好习惯的新途径上中下三篇内容。
●
相关链接 在E读中查询图书 在五车中查询图书 在当当中查询图书 在豆瓣中查询图书


正题名:别让孩子伤在坏习惯上     索取号:B842.6/1315         预约/预借

序号 登录号 条形码 馆藏地/架位号 状态 备注
1 877720   208777206   第一样本阅览室/ [索取号:B842.6/1315] 在馆    
2 877721   208777215   教育系资料室/ [索取号:B842.6/1315] 在馆    
3 877722   208777224   教育系资料室/ [索取号:B842.6/1315] 在馆    
4 877723   208777233   教育系资料室/ [索取号:B842.6/1315] 在馆    
5 877724   208777242   第一借阅区/ [索取号:B842.6/1315] 在馆    
6 877725   208777251   第一借阅区/ [索取号:B842.6/1315] 在馆    
唐山师范学院图书馆 欢迎您!
大连网信软件有限公司© 版权所有